00310nam a2200133Ia 4500008004100000020002100041041000800062082001700070100001600087245001800103260003500121300001200156650000800168260601s2001 xx 000 0 und d a978-0-72-97609-0 aeng a658.4092/COL aCOLLINS JIM aGOOD YO GREAT aUKbPENGUIN RANDOM HOUSEc2001 aH.B,300 aMBA